[Event "Montesilvano Easter op 8th"]
[Site "Montesilvano"]
[Date "2023.04.08"]
[Round "2"]
[White "Trevisan, Stefano"]
[Black "Casadio, Niccolo"]
[Result "0-1"]
[WhiteElo "1784"]
[BlackElo "2186"]
[PlyCount "50"]
[EventDate "2023.04.07"]
[EventType "swiss"]
[EventRounds "6"]
[EventCountry "ITA"]
[SourceTitle "CBM 213 Extra"]
[Source "ChessBase"]
[SourceDate "2023.05.31"]
[SourceVersion "1"]
[SourceVersionDate "2023.05.31"]
[SourceQuality "1"]

1. e4 e6 2. d4 d5 3. Nc3 Bb4 4. e5 c5 5. a3 Bxc3+ 6. bxc3 Qc7 7. Qg4 Ne7 8. Qxg7 Rg8 9. Qxh7 cxd4 10. Ne2 Nbc6 11. f4 dxc3 12. Qd3 Bd7 13. Nxc3 a6 14. Bd2 Rc8 15. Kd1 Nf5 16. Ne2 Na5 17. Qc3 Nc4 18. Qb3 d4 19. Rc1 Bb5 20. a4 Nxd2 21. Kxd2 Qa5+ 22. c3 dxc3+ 23. Nxc3 Bxf1 24. Rhxf1 Rxg2+ 25. Ke1 Re2+ 0-1

[Event "Arco op 44th"]
[Site "Arco"]
[Date "2022.10.10"]
[Round "3"]
[White "Giacchino, Claudio"]
[Black "Trevisan, Stefano"]
[Result "0-1"]
[WhiteElo "1473"]
[BlackElo "1758"]
[PlyCount "57"]
[EventDate "2022.10.08"]
[EventType "swiss"]
[EventRounds "9"]
[EventCountry "ITA"]
[SourceTitle "CBM 210 Extra"]
[Source "ChessBase"]
[SourceDate "2022.11.30"]
[SourceVersion "1"]
[SourceVersionDate "2022.11.30"]
[SourceQuality "1"]

1. e4 c5 2. Nf3 Nc6 3. Nc3 g6 4. d4 cxd4 5. Nxd4 Bg7 6. Nxc6 bxc6 7. Bd2 Nf6 8. Bd3 0-0 9. 0-0 d5 10. exd5 cxd5 11. Rb1 e5 12. Re1 e4 13. Bb5 Bb7 14. Be3 a6 15. Ba4 Rc8 16. Bb3 Qd6 17. Bd4 Ng4 18. g3 Bxd4 19. Qxd4 Rfd8 20. Rbd1 Rxc3 21. bxc3 Ne5 22. Re3 Nf3+ 23. Rxf3 exf3 24. c4 Qe6 25. Qd3 d4 26. Rc1 Be4 27. Qd2 d3 28. cxd3 Bxd3 29. Qe1 0-1